Thermal physics, second edition / (Record no. 30100)

000 -LEADER
fixed length control field 00614 a2200193 4500
020 ## - INTERNATIONAL STANDARD BOOK NUMBER
International Standard Book Number 0748743790
020 ## - INTERNATIONAL STANDARD BOOK NUMBER
International Standard Book Number 9780748743797
082 04 - DEWEY DECIMAL CLASSIFICATION NUMBER
Classification number 536.7
090 ## - LOCALLY ASSIGNED LC-TYPE CALL NUMBER (OCLC); LOCAL CALL NUMBER (RLIN)
-- 1489
-- 1489
100 1# - MAIN ENTRY--PERSONAL NAME
Personal name Finn, C.B.P.
245 10 - TITLE STATEMENT
Title Thermal physics, second edition /
Statement of responsibility, etc. C.B.P. Finn.
250 ## - EDITION STATEMENT
Edition statement 2nd ed.
260 ## - PUBLICATION, DISTRIBUTION, ETC.
Place of publication, distribution, etc. [S.l.] :
Name of publisher, distributor, etc. CRC Press,
Date of publication, distribution, etc. 1993.
300 ## - PHYSICAL DESCRIPTION
Extent 272 p. ;
Dimensions 22 cm.
490 1# - SERIES STATEMENT
Series statement Physics and its applications.
830 #0 - SERIES ADDED ENTRY--UNIFORM TITLE
Uniform title Physics and its applications.
942 ## - ADDED ENTRY ELEMENTS (KOHA)
Institution code [OBSOLETE] SNS
Koha item type Book
Call number prefix 536.7 FIN
Holdings
Withdrawn status Lost status Source of classification or shelving scheme Damaged status Not for loan Permanent Location Current Location Shelving location Date acquired Total Checkouts Full call number Barcode Date last seen Date last checked out Price effective from Koha item type
        Not For Loan School of Natural Sciences (SNS) School of Natural Sciences (SNS) Reference 05/26/2016 3 536.7 FIN SNS0000609 01/31/2023 02/27/2020 05/26/2016 Book
© 2023 Central Library, National University of Sciences and Technology. All Rights Reserved.